Strategie řízení technologie firmy General Motors

Salvato in:
Dettagli Bibliografici
Autore principale: Sudová, Nina
Natura: Libro
Lingua:ceco
Pubblicazione: Praha Inst. řízení 1991
Edizione:1. vyd.
Soggetti:
Tags: Aggiungi Tag
Nessun Tag, puoi essere il primo ad aggiungerne!!

MARC

LEADER 00000nam a2200000 4500
001 c003403
005 20221214094937.3
041 0 |a cze 
044 |a CZ 
245 1 0 |a Strategie řízení technologie firmy General Motors  |c Nina Sudová 
250 |a 1. vyd. 
264 1 |a Praha  |b Inst. řízení  |c 1991 
300 |a 12 s. 
610 2 0 |a technológia výroby 
610 2 0 |a stratégia podniková 
610 2 0 |a General Motors 
610 2 0 |a priemysel automobilový 
610 2 0 |a stratégia podniková 
610 2 0 |a riadenie podnikové 
610 2 0 |a činiteľ ľudský 
610 2 0 |a podnik spoločný 
610 2 0 |a USA 
610 2 0 |a Japonsko 
100 1 |a Sudová, Nina